LEADER 01244cam0 22003131 450 001 SOBE00039752 005 20140131084747.0 100 $a20140131d1947 |||||ita|0103 ba 101 $afre$alat 102 $aFR 200 1 $aCatilina$aJugurtha$aFragments des Histoires$fSalluste$gtexte établi et traduit par Alfred Ernout 210 $aParis$cLes belles lettres$d1947 215 $a313 p. (54-303 doppie)$d20 cm 225 2 $aCollection des Universités de France 300 $aTesto originale a fronte 410 1$1001LAEC00018970$12001 $a*Collection des Universités de France 700 1$aSallustius Crispus$b, Gaius$3A600200060595$4070$0154956 702 1$aErnout, Alfred$3A600200032749$4070 801 0$aIT$bUNISOB$c20140131$gRICA 850 $aUNISOB 852 $aUNISOB$j3|C$m11479|ort 912 $aSOBE00039752 940 $aM 102 Monografia moderna SBN 941 $aM 957 $xFondo|Ortolani$a3|C$b031$i-37$fmodalità di consultazione sulla home page della Biblioteca link Fondi$gNO$d11479|ort$hOrtolaniS$rdono$1calvano123$2UNISOB$3UNISOB$420140131083809.0$520140131084021.0$6calvano123 996 $aFragments des histoires$91408544 996 $aJugurtha$91408543 996 $aCatilina$9559436 997 $aUNISOB LEADER 02112nam0 2200445 i 450 001 VAN0124344 005 20230703093314.770 017 70$2N$a9783319660653 100 $a20191015d2017 |0itac50 ba 101 $aeng 102 $aCH 105 $a|||| ||||| 200 1 $aˆA ‰Primer for Undergraduate Research$eFrom Groups and Tiles to Frames and Vaccines$fAaron Wootton, Valerie Peterson, Christopher Lee editors 210 $aCham$cBirkhäuser$d2017 215 $avii, 313 p.$cill.$d24 cm 410 1$1001VAN0124345$12001 $aFoundations for Undergraduate Research in Mathematics$1210 $aCham$cBirkhäuser 500 1$3VAN0235339$aˆA ‰Primer for Undergraduate Research : From Groups and Tiles to Frames and Vaccines$92493960 606 $a00A07$xProblem books [MSC 2020]$3VANC021527$2MF 606 $a00A05$xMathematics in general [MSC 2020]$3VANC021796$2MF 606 $a00A08$xRecreational mathematics [MSC 2020]$3VANC022171$2MF 606 $a00B10$xCollections of articles of general interest [MSC 2020]$3VANC023911$2MF 610 $aExpository Articles$9KW:K 610 $aGeneral Interest$9KW:K 610 $aMatrix theory$9KW:K 610 $aOpen Problems$9KW:K 610 $aRecreational Mathematics$9KW:K 610 $aUndergraduate Research$9KW:K 620 $aCH$dCham$3VANL001889 702 1$aLee$bChristopher$3VANV095783 702 1$aPeterson$bValerie$3VANV095782 702 1$aWootton$bAaron$3VANV095781 712 $aBirkhäuser $3VANV108193$4650 801 $aIT$bSOL$c20230707$gRICA 856 4 $uhttp://doi.org/10.1007/978-3-319-66065-3$zE-book ? Accesso al full-text attraverso riconoscimento IP di Ateneo, proxy e/o Shibboleth 899 $aBIBLIOTECA DEL DIPARTIMENTO DI MATEMATICA E FISICA$1IT-CE0120$2VAN08 912 $fN 912 $aVAN0124344 950 $aBIBLIOTECA DEL DIPARTIMENTO DI MATEMATICA E FISICA$d08CONS e-book 0518 $e08eMF518 20191015 996 $aPrimer for Undergraduate Research : From Groups and Tiles to Frames and Vaccines$92493960 997 $aUNICAMPANIA